[Event "Johor op-B 7th"]
[Site "Johor"]
[Date "2022.12.27"]
[Round "2"]
[White "Iskandar, Fikry Zulkippli"]
[Black "Marrhuimawan, Maximiliano"]
[Result "0-1"]
[WhiteElo "1263"]
[BlackElo "1625"]
[PlyCount "97"]
[EventDate "2022.12.26"]
[EventType "swiss"]
[EventRounds "9"]
[EventCountry "MAS"]
[SourceTitle "EXT 2024"]
[Source "ChessBase"]
[SourceDate "2023.10.10"]
[SourceVersion "1"]
[SourceVersionDate "2023.10.10"]
[SourceQuality "1"]

1. c4 Nf6 2. g3 g6 3. Bg2 Bg7 4. Nc3 0-0 5. e4 d6 6. Nge2 c5 7. 0-0 Nc6 8. d3 e5 9. h3 a6 10. Be3 Rb8 11. a4 Nd4 12. f4 exf4 13. Nxf4 Nd7 14. Kh2 Nc6 15. Nfe2 Nde5 16. b3 Bg4 17. Qd2 Bxe2 18. Nxe2 b5 19. Rfb1 bxc4 20. bxc4 Qa5 21. Nf4 Nb4 22. Ra3 Nbc6 23. Raa1 Qxd2 24. Bxd2 Nd4 25. Bc3 Nc2 26. Rxb8 Rxb8 27. Ra2 Nb4 28. Rb2 Nexd3 29. Bxg7 Nxf4 30. gxf4 Kxg7 31. e5 dxe5 32. fxe5 Re8 33. Re2 Nd3 34. Re3 Nxe5 35. Kg3 f6 36. Bb7 a5 37. Bc6 Rd8 38. Bd5 Rb8 39. Bg2 Rb4 40. Bf1 Rxa4 41. Rc3 Ra1 42. Bg2 a4 43. Kh2 a3 44. Rb3 Nxc4 45. Rb7+ Kh6 46. Ra7 Ne3 47. Kg3 Nxg2 48. Kxg2 a2 49. Kf2 0-1